Spotify Top 100 Most Streamed Albums of All Time - Statistics

General Stats
  • This quiz has been taken 75 times
  • The average score is 40 of 100
Answer Stats
# Streams Artist Release Year Name of the Album % Correct
4 13,383,209,976 Olivia Rodrigo 2021 SOUR
75%
3 15,240,817,416 The Weeknd 2016 Starboy
75%
6 13,136,598,819 The Weeknd 2020 After Hours
73%
32 8,671,455,099 Kendrick Lamar 2017 DAMN.
70%
7 12,907,187,163 Dua Lipa 2020 Future Nostalgia
70%
61 6,492,498,116 Maroon 5 2014 V
68%
8 12,896,955,023 Dua Lipa 2017 Dua Lipa
65%
11 11,412,389,840 Taylor Swift 2019 Lover
65%
24 9,489,877,445 Travis Scott 2018 Astroworld
63%
35 8,521,650,105 Taylor Swift 2014 1989
62%
45 7,543,471,591 Adele 2011 21
62%
17 10,287,690,008 Arctic Monkeys 2013 AM
60%
2 15,378,569,209 Ed Sheeran 2017 Divide (÷)
60%
27 9,258,594,703 SZA 2022 SOS
60%
53 7,089,788,959 Adele 2015 25
59%
19 10,045,949,216 Drake 2016 Views
59%
31 8,861,654,853 Taylor Swift 2020 Folklore
57%
15 10,401,593,273 Drake 2018 Scorpion
57%
10 11,548,898,448 Billie Eilish 2019 When We All Fall Asleep, Where Do We Go?
57%
9 12,070,195,359 Post Malone 2018 Beerbongs & Bentleys (B&B)
56%
63 6,413,396,373 Kanye West 2007 Graduation
56%
33 8,644,063,946 Taylor Swift 2017 Reputation
56%
1 17,753,384,009 Bad Bunny 2022 Un Verano Sin Ti
54%
37 8,376,410,926 Harry Styles 2022 Harry's House
52%
95 5,569,252,498 Taylor Swift 2021 Red (Taylor's Version)
52%
79 5,937,674,122 Bruno Mars 2016 24K Magic
51%
82 5,893,882,745 Morgan Wallen 2021 Dangerous: The Double Album
51%
54 6,971,962,192 Ariana Grande 2016 Dangerous Woman
51%
22 9,782,212,472 Taylor Swift 2022 Midnights
51%
47 7,499,880,817 Rihanna 2016 ANTI
49%
5 13,325,551,302 Post Malone 2019 Hollywood's Bleeding
49%
52 7,091,478,990 Lady Gaga 2009 The Fame / The Fame Monster
49%
38 8,350,421,085 Lana Del Rey 2012 Born To Die
48%
30 8,904,043,809 Bruno Mars 2010 Doo-Wops & Hooligans
48%
98 5,461,643,386 Ariana Grande 2020 Positions
48%
41 8,053,481,448 Ariana Grande 2019 Thank U, Next
48%
88 5,757,268,985 Taylor Swift 2024 The Tortured Poets Department
48%
13 10,999,130,773 Ed Sheeran 2014 Multiply (x)
46%
92 5,601,851,566 Various Artists (Post Malone, Swae Lee, etc) 2018 Spider-Man: Into The Spider-Verse
46%
49 7,483,814,763 Katy Perry 2010 Teenage Dream
46%
21 9,813,474,924 The Weeknd 2015 Beauty Behind The Madness
44%
70 6,150,931,948 Frank Ocean 2016 Blonde
44%
87 5,799,849,734 Kendrick Lamar 2012 Good Kid, M.A.A.D City
44%
84 5,879,098,617 Billie Eilish 2021 Happier Than Ever
44%
44 7,563,940,540 Eminem 2002 The Eminem Show
44%
97 5,518,054,848 Drake 2021 Certified Lover Boy
43%
12 11,231,134,935 XXXTentacion 2018 Questionmark (?)
43%
50 7,360,637,223 Drake 2017 More Life
41%
14 10,604,179,067 Justin Bieber 2015 Purpose
41%
59 6,546,510,823 Bruno Mars 2012 Unorthodox Jukebox
41%
23 9,747,904,314 Harry Styles 2019 Fine Line
40%
39 8,165,227,233 Doja Cat 2021 Planet Her
40%
29 8,979,233,069 XXXTentacion 2017 17
37%
69 6,170,656,596 J. Cole 2014 2014 Forest Hills Drive
37%
76 6,026,680,828 Lady Gaga & Bradley Cooper 2018 A Star Is Born
37%
72 6,116,498,343 Ed Sheeran 2021 Equals (=)
37%
56 6,850,258,413 Lin-Manuel Miranda & Various Artists 2015 Hamilton
37%
34 8,537,326,704 Justin Bieber 2021 Justice
37%
55 6,897,053,395 Ariana Grande 2014 My Everything
37%
75 6,027,829,769 Nirvana 1991 Nevermind
37%
26 9,261,443,605 Post Malone 2016 Stoney
37%
20 10,030,483,498 Billie Eilish 2017 Don't Smile At Me
35%
36 8,463,367,701 Imagine Dragons 2017 Evolve
32%
43 7,568,176,248 Shawn Mendes 2018 Shawn Mendes
32%
100 5,407,328,674 Various Artists (Zac Efron, Zendaya, etc) 2017 The Greatest Showman
32%
91 5,615,573,779 Rihanna 2007 Good Girl Gone Bad
30%
94 5,569,468,006 Metro Boomin 2022 Heroes & Villains
30%
58 6,561,914,053 Juice WRLD 2020 Legends Never Die
30%
86 5,833,458,858 Fleetwood Mac 1977 Rumours
30%
48 7,490,547,350 Twenty One Pilots 2015 Blurryface
29%
25 9,488,847,784 Juice WRLD 2018 Goodbye & Good Riddance
29%
16 10,393,139,102 Sam Smith 2014 In The Lonely Hour
29%
80 5,929,000,155 Lil Nas X 2021 Montero
29%
67 6,283,612,931 Khalid 2017 American Teen
27%
46 7,509,833,150 Imagine Dragons 2012 Night Visions
27%
60 6,528,990,921 Hozier 2014 Hozier
25%
51 7,330,527,333 Shawn Mendes 2016 Illuminate
25%
40 8,082,253,363 Pop Smoke 2020 Shoot For The Stars, Aim For The Moon
25%
96 5,530,894,000 Travis Scott 2016 Birds In The Trap Sing McKnight
24%
73 6,107,007,966 Juice WRLD 2019 Death Race For Love
24%
66 6,310,442,928 Lil Uzi Vert 2017 Luv Is Rage 2
24%
64 6,408,669,792 Charlie Puth 2016 Nine Track Mind
22%
28 9,150,184,873 Lewis Capaldi 2019 Divinely Uninspired To A Hellish Extent
21%
68 6,202,678,928 Ed Sheeran 2019 No.6 Collaborations Project
21%
78 5,940,409,225 Morgan Wallen 2023 One Thing At A Time
21%
81 5,916,323,362 Maroon 5 2017 Red Pill Blues
21%
18 10,251,195,609 Bad Bunny 2020 YHLQMDLG
21%
83 5,882,734,807 Linkin Park 2000 Hybrid Theory
19%
65 6,331,073,625 Sia 2016 This Is Acting
19%
57 6,721,889,717 Bad Bunny 2020 El Último Tour Del Mundo
17%
89 5,654,699,003 Maroon 5 2012 Overexposed
16%
74 6,059,888,979 Bad Bunny 2018 X 100pre
14%
85 5,869,649,635 The Chainsmokers 2016 Collage
13%
62 6,488,343,886 KAROL G 2023 Mañana Será Bonito
13%
42 7,687,557,965 The Kid LAROI 2020 F*ck Love
11%
90 5,622,029,354 Sam Smith 2020 Love Goes
11%
77 5,951,452,822 Anne-Marie 2018 Speak Your Mind
10%
71 6,139,442,276 Zara Larsson 2017 So Good
8%
99 5,458,653,781 Clean Bandit 2018 What Is Love?
8%
93 5,572,013,954 Alan Walker 2018 Different World
3%
No matching quizzes found
Score Distribution
Percent of People with Each Score
Percentile by Number Answered
Your Score History
You have not taken this quiz